Sustainability (Record no. 80232)
[ view plain ]
| 000 -LEADER | |
|---|---|
| fixed length control field | 00989cab a22001935a 4500 |
| 001 - CONTROL NUMBER | |
| control field | L143583 |
| 008 - FIXED-LENGTH DATA ELEMENTS--GENERAL INFORMATION | |
| fixed length control field | 080520s2008 xxk f 000 0 eng d |
| 035 ## - SYSTEM CONTROL NUMBER | |
| System control number | (Sirsi) u143583 |
| 041 0# - LANGUAGE CODE | |
| Language code of text/sound track or separate title | eng |
| 100 1# - MAIN ENTRY--PERSONAL NAME | |
| Personal name | Walker, David |
| 245 00 - TITLE STATEMENT | |
| Title | Sustainability |
| Remainder of title | environmental management, transparency and competitive advantage |
| 260 ## - PUBLICATION, DISTRIBUTION, ETC. | |
| Date of publication, distribution, etc. | 2008 |
| 490 #0 - SERIES STATEMENT | |
| Series statement | Journal of Retail and Leisure Property |
| Volume/sequential designation | 7(2), 119-130(12) |
| 520 ## - SUMMARY, ETC. | |
| Summary, etc. | Aims to show that environmental management and social reporting is not confined to multi-national companies, but is also shared by smaller commercial organisations. Considers environmental reporting, the important role played by the built environment and shopping centres. Highlights the importance of good environmental reporting. Proposes the adoption of transparent environmental reporting across the board to help sustainability. |
| 590 ## - LOCAL NOTE (RLIN) | |
| Local note | KA |
| 651 #4 - SUBJECT ADDED ENTRY--GEOGRAPHIC NAME | |
| Geographic name | United Kingdom |
| Chronological subdivision | |
| 690 ## - LOCAL SUBJECT ADDED ENTRY--TOPICAL TERM (OCLC, RLIN) | |
| Topical term or geographic name as entry element | ENVIRONMENTAL AND LAND CONSULTANCY-SUSTAINABILITY |
| 942 ## - ADDED ENTRY ELEMENTS (KOHA) | |
| Suppress in OPAC | 0 |
| Withdrawn status | Lost status | Source of classification or shelving scheme | Damaged status | Not for loan | Home library | Current library | Shelving location | Date acquired | Total Checkouts | Full call number | Barcode | Date last seen | Copy number | Price effective from | Koha item type |
|---|---|---|---|---|---|---|---|---|---|---|---|---|---|---|---|
| Dewey Decimal Classification | London | London | Journal article | 20/05/2008 | L143583 | 143583-1001 | 06/08/2019 | 1 | 06/08/2019 | Journal article |